<?xml version="1.0" encoding="UTF-8"?><?xml-stylesheet type="text/xsl" href="static/style.xsl"?><OAI-PMH xmlns="http://www.openarchives.org/OAI/2.0/" xmlns:xsi="http://www.w3.org/2001/XMLSchema-instance" xsi:schemaLocation="http://www.openarchives.org/OAI/2.0/ http://www.openarchives.org/OAI/2.0/OAI-PMH.xsd"><responseDate>2026-04-28T21:11:35Z</responseDate><request verb="GetRecord" identifier="oai:uvadoc.uva.es:10324/196" metadataPrefix="marc">https://uvadoc.uva.es/oai/request</request><GetRecord><record><header><identifier>oai:uvadoc.uva.es:10324/196</identifier><datestamp>2023-04-28T19:11:20Z</datestamp><setSpec>com_10324_150</setSpec><setSpec>col_10324_151</setSpec></header><metadata><record xmlns="http://www.loc.gov/MARC21/slim" xmlns:doc="http://www.lyncode.com/xoai" xmlns:xsi="http://www.w3.org/2001/XMLSchema-instance" xmlns:dcterms="http://purl.org/dc/terms/" xsi:schemaLocation="http://www.loc.gov/MARC21/slim http://www.loc.gov/standards/marcxml/schema/MARC21slim.xsd">
<leader>00925njm 22002777a 4500</leader>
<datafield tag="042" ind1=" " ind2=" ">
<subfield code="a">dc</subfield>
</datafield>
<datafield tag="720" ind1=" " ind2=" ">
<subfield code="a">Martel, Jerónimo</subfield>
<subfield code="e">author</subfield>
</datafield>
<datafield tag="024" ind2=" " ind1="8">
<subfield code="a">Alonso-Cortés, 38</subfield>
</datafield>
<datafield tag="024" ind2=" " ind1="8">
<subfield code="a">Rivera Manescau, 15</subfield>
</datafield>
<datafield tag="024" ind2=" " ind1="8">
<subfield code="a">Olim., 59</subfield>
</datafield>
<datafield tag="024" ind2=" " ind1="8">
<subfield code="a">http://uvadoc.uva.es/handle/10324/196</subfield>
</datafield>
<datafield tag="024" ind2=" " ind1="8">
<subfield code="a">b1513502</subfield>
</datafield>
<datafield tag="024" ind2=" " ind1="8">
<subfield code="a">U/Bc Ms 038</subfield>
</datafield>
<datafield ind1=" " ind2=" " tag="653">
<subfield code="a">Reyes y soberanos-Aragón (Reino)-Coronación</subfield>
</datafield>
<datafield ind1=" " ind2=" " tag="653">
<subfield code="a">Aragón (Reino). Cortes (1592. Tarazona)</subfield>
</datafield>
<datafield ind1=" " ind2=" " tag="653">
<subfield code="a">Aragón (España)-Política y gobierno-Siglo XIII - XVI</subfield>
</datafield>
<datafield ind1=" " ind2=" " tag="653">
<subfield code="a">Feudalismo-Aragón (Reino)-Siglo XIII - XVI</subfield>
</datafield>
<datafield tag="245" ind1="0" ind2="0">
<subfield code="a">Forma de como se han de celebrar las Cortes en el Reino de Aragón [Manuscrito]</subfield>
</datafield>
</record></metadata></record></GetRecord></OAI-PMH>